| 000 | 00427nam a2200157Ia 4500 | ||
|---|---|---|---|
| 008 | 210716s2013 xx 000 0 und d | ||
| 020 | _a9780143420828 | ||
| 041 | _aeng | ||
| 082 | _a374.22 KHAM | ||
| 100 | _aKhandekar, Milind. | ||
| 245 |
_aDalit millionaries: 15 inspiring stories. _b15 inspiring stories. |
||
| 250 | _a1 | ||
| 260 |
_aNew Delhi _bPenguin Books _c2013 |
||
| 300 | _axiv,210 | ||
| 650 | _aGeneral Knowledge | ||
| 999 |
_c210455 _d210455 |
||